Municipios que limitan con Bogotá - Estadísticas

Estadísticas generales
  • Esta prueba ha sido intentada 73 veces
  • La puntuación promedio es 9 de 20
Respuestas en el mapa
Las respuestas están codificadas por una escala verde-roja en el mapa de la prueba según el % correcto abajo.
 
Estadísticas de respuestas
Departamento Municipio % Correcto
Cundinamarca Chía
98%
Cundinamarca Soacha
95%
Cundinamarca Mosquera
90%
Cundinamarca Cota
82%
Cundinamarca Funza
82%
Cundinamarca La Calera
80%
Cundinamarca Choachí
61%
Cundinamarca Sopó
59%
Cundinamarca Chipaque
34%
Huila Colombia
28%
Cundinamarca Une
28%
Cundinamarca Arbeláez
23%
Cundinamarca Pasca
23%
Cundinamarca Ubaque
23%
Cundinamarca Cabrera
20%
Cundinamarca San Bernardo
18%
Cundinamarca Gutiérrez
16%
Meta Guamal
10%
Meta Cubarral
8%
Meta Uribe
3%
No se encontraron pruebas coincidentes
Distribución de puntuación
Porcentaje de gente con cada puntuación
Porcentaje por número respondido
Historial de tus puntuaciones
No has intentado esta prueba.